Научные исследования в области механической и биологической очистки промышленных сточных вод

Dades bibliogràfiques
Autor corporatiu: Всесоюзный научно-исследовательский институт водоснабжения, канализации, гидротехнических сооружений и инженерной гидрогеологии (НИИ ВОДГЕО, ВНИИводгео)
Altres autors: Скирдов И. В. Игорь Васильевич (редактор)
Idioma:rus
Publicat: Москва, Изд-во ВНИИ ВОДГЕО, 1978
Col·lecció:Труды института ВОДГЕО Вып. 76
Matèries:
Format: Llibre
KOHA link:https://koha.lib.tpu.ru/cgi-bin/koha/opac-detail.pl?biblionumber=332989

MARC

LEADER 00000nam0a2200000 4500
001 332989
005 20231102004518.0
035 |a (RuTPU)RU\TPU\book\358984 
035 |a RU\TPU\book\358983 
090 |a 332989 
100 |a 20170605d1978 k y0rusy5003 ca 
101 0 |a rus 
102 |a RU 
105 |a a z 001zy 
200 1 |a Научные исследования в области механической и биологической очистки промышленных сточных вод  |f Всесоюзный научно-исследовательский институт водоснабжения, канализации, гидротехнических сооружений и инженерной гидрогеологии (НИИ ВОДГЕО, ВНИИводгео) ; науч. ред. И. В. Скирдов 
210 |a Москва  |c Изд-во ВНИИ ВОДГЕО  |d 1978 
215 |a 245 с.  |c ил. 
225 1 |a Труды института ВОДГЕО  |v Вып. 76  |x 0135-3217 
320 |a Библиогр. в конце ст. 
606 1 |a Сточные воды промышленные  |x Очистка  |x Биологический способ  |2 stltpush  |3 (RuTPU)RU\TPU\subj\57176  |9 75040 
610 1 |a нефтесодержащие сточные воды 
610 1 |a очистные сооружения 
610 1 |a экспресс-контроль 
610 1 |a илоуплотнения 
610 1 |a математические модели 
610 1 |a микроорганизмы 
610 1 |a поверхностно-активные вещества 
610 1 |a хлопковая целлюлоза 
610 1 |a производство 
610 1 |a заводы оптического стекла 
610 1 |a многоярусные гидроциклоны 
610 1 |a доочистка 
610 1 |a активный ил 
610 1 |a биофильтры 
610 1 |a органические вещества 
610 1 |a биохимическое окисление 
610 1 |a скорость 
610 1 |a аэрация 
675 |a 628.35  |z rus  |v 4 
702 1 |a Скирдов  |b И. В.  |g Игорь Васильевич  |4 340 
712 0 2 |a Всесоюзный научно-исследовательский институт водоснабжения, канализации, гидротехнических сооружений и инженерной гидрогеологии (НИИ ВОДГЕО, ВНИИводгео)  |c (Москва)  |2 stltpush  |3 (RuTPU)RU\TPU\col\4603 
801 0 |a RU  |b 63413507  |c 19950704  |g psbo 
801 1 |a RU  |b 63413507  |c 20151110 
801 2 |a RU  |b 63413507  |c 20231010  |g RCR 
942 |c BK